00393nam a22001337a 450000500170000000800410001702000220005808200270008010000220010724500490012926000610017830000090023936500110024820230907140501.0230828b |||||||| |||| 00| 0 eng d a978-93-83290-70-3 aCH/610.7343/VEE/DB1144 aVeerabhadrappa GM aExamination Master Community Health Nursing  bS.Vikas and Company (Medical Publisher)c2014aJalandhar a287p b355.00